Using Heuristic Methods in the Process of Retail Shops Placement in the Context of Marketing Communication Effect Maximisation

Aplikácia heuristických metód v procese umiestňovania maloobchodných predajní, ako východiskového bodu realizácie cielenej komunikácie so zákazníkom v ich okruhu pôsobenia. Praktické využitie heuristických metód ADD a DROP. Optimalizačné možnosti delimitácie priameho komunikačného priestoru.

Na minha lista:
Detalhes bibliográficos
Autor principal: Fašiang, Tomáš
Outros Autores: Gežík, Pavel, 1983-
Formato: Capítulo de Livro
Idioma:inglês
Assuntos:
Tags: Adicionar Tag
Sem tags, seja o primeiro a adicionar uma tag!

MARC

LEADER 00000nla a2200000 4500
001 0239376
005 20240502073858.5
041 0 |a eng 
044 |a SK 
245 1 0 |a Using Heuristic Methods in the Process of Retail Shops Placement in the Context of Marketing Communication Effect Maximisation  |c Tomáš Fašiang, Pavel Gežík 
520 |a Aplikácia heuristických metód v procese umiestňovania maloobchodných predajní, ako východiskového bodu realizácie cielenej komunikácie so zákazníkom v ich okruhu pôsobenia. Praktické využitie heuristických metód ADD a DROP. Optimalizačné možnosti delimitácie priameho komunikačného priestoru. 
610 2 0 |a komunikácia marketingová 
610 2 0 |a metódy heuristické 
610 2 0 |a ukazovatele ekonomické 
610 2 0 |a predajne 
610 2 0 |a maloobchod 
100 1 |a Fašiang, Tomáš 
700 1 |a Gežík, Pavel, 1983-